| 000 | 00918cam a22003013a 4500 | ||
|---|---|---|---|
| 001 | 17996 | ||
| 003 | PGUSA | ||
| 005 | 20140828083401.0 | ||
| 008 | 060315s2006||||xxu|||||s|||||000 | eng d | ||
| 040 |
_aPGUSA _beng |
||
| 042 | _adc | ||
| 050 | 4 | _aPA | |
| 100 | 1 |
_aAeschylus, _d-525--456 |
|
| 245 | 1 | 0 |
_aΕπτά επί Θήβας _h[electronic resource] / _cAeschylus |
| 260 |
_bProject Gutenberg, _c2006 |
||
| 506 | _aPublic domain in the USA. | ||
| 516 | _aElectronic text | ||
| 653 | _aTragedies | ||
| 653 | _aPolyneices (Greek mythology) -- Drama | ||
| 653 | _aThebes (Greece) -- Drama | ||
| 653 | _aSeven against Thebes (Greek mythology) -- Drama | ||
| 653 | _aEteocles (Greek mythology) -- Drama | ||
| 700 | 1 |
_aGrypares, I. N. _q(Ioannes N.), _d1870-1942 |
|
| 740 | 0 | _aSeven Against Thebes | |
| 830 | 0 |
_aProject Gutenberg _v17996 |
|
| 856 | 4 | 0 | _uhttp://www.gutenberg.org/ebooks/17996 |
| 942 | _cEB | ||
| 999 |
_c247251 _d247251 |
||